Naši mladí oráči Brázda. Časopis seminaristov. Spišská Kapitula 1992, 1. ročník

Bibliographic Details
Main Author: Sýkora, F. (Author)
Format: Article
Language:Slovak
Subjects:

MARC

LEADER 00000nab a2200000 a 4500
001 vtls000487836
003 SK-MaSNL
005 20260303004245.0
008 120927c1993 xo 0 slo
015 |a SNBRB19rr/mm-uuuuu 
035 |a CL0487973 
040 |a SNKBUCL  |b slo  |c SNKBUCL  |e AACR2 
041 0 |a slo 
044 |a xo  |c SK 
080 |a 244:05  |2 1981 
080 |a 05  |2 1981 
100 1 |a Sýkora, F.  |4 aut  |9 47061 
245 1 0 |a Naši mladí oráči  |b Brázda. Časopis seminaristov. Spišská Kapitula 1992, 1. ročník  |c F. Sýkora 
650 0 7 |a Brázda (časopis)  |2 snkbucl  |9 983053 
655 7 |a články z novín a časopisov  |2 snkbucl  |9 267496 
773 0 |t Katolícke noviny  |g Roč. 108, č. 18 (1993), s. 11 
850 |a Slovenská národná knižnica v Martine  |a MTA001 
852 |a SNK  |b KIS3GCP 
958 |a RK 
992 |a RBX 
999 |c 1576820  |d 1578750